| 000 | 02112cam a22004454i 4500 | ||
|---|---|---|---|
| 003 | PE-LiUPU | ||
| 005 | 20250731165427.0 | ||
| 008 | 160210s1996 pe a grm 000 0 spa d | ||
| 035 | _a(Sirsi) a156040 | ||
| 040 |
_aPE-LiUPU _bspa _cPE-LiUPU _erda |
||
| 099 |
_aTE 2 _bA76 1996 |
||
| 100 | 1 |
_aArohuanca Lagos, Ferdinand Gunard _eautor |
|
| 245 | 1 |
_aMétodo multipaso lineales de longitud de paso constante para la solución numérica de Ecuaciones Diferenciales con PVI / _cFerdinand Gunard Arohuanca Lagos. |
|
| 264 | 0 | _c1996. | |
| 300 |
_a129 hojas _c30 cm |
||
| 336 |
_atext _2rdacontent |
||
| 337 |
_aunmediated _2rdamedia |
||
| 338 |
_avolume _2rdacarrier |
||
| 502 |
_aTesis _b(Lic.) -- _cUniversidad Peruana Unión, _d1996. |
||
| 504 | _aIncluye referencias | ||
| 520 | 3 | _aEl estudio de las matemáticas siempre ha fascinado y ha dedicado la atención del hombre, desde que este fue caz de lograr abstraer determinados fenómenos y circunstancias que su medio cotidiano le obligaba a realizar, luchando siempre con su mayor obstáculo, el mismo; y que logra perfeccionar debido a sus experiencias por un estudio continuo. Este proceso de perfeccionamiento se aceleró cuando el hombre logro formalizar y estructurar sus conceptos, por medio del análisis riguroso. El análisis ha siso la rama predominante durante los últimos 300 años, y las ecuaciones diferenciales son la parte central de este análisis. Este tema es la meta natural dela calculo elemental y la parte mas importante de las matemáticas para comprender las metas físicas. | |
| 526 | _aSEG44 | ||
| 526 | _aSEG26 | ||
| 526 | _aP151 | ||
| 526 | _aP150 | ||
| 526 | _aP149 | ||
| 526 | _aP146 | ||
| 526 | _aP145 | ||
| 526 | _aP126 | ||
| 526 | _aP125 | ||
| 526 | _aP92 | ||
| 526 | _aP75 | ||
| 526 | _aP74 | ||
| 526 | _aP27 | ||
| 526 | _aP15 | ||
| 650 | 0 | 4 |
_aEcuaciones diferenciales _xMetodología. |
| 596 | _a1 | ||
| 942 |
_2ddc _cTESIS |
||
| 999 |
_aTE 2 A76 1996 _wALPHANUM _c8722 _iT00102 _lCCODEBUL3 _mBUL _r1 _sY _tTESIS _u2016-2-10 _xEDUCACION _PP15 _o.STAFF. Tesis _d8722 |
||
| 980 |
_81 _gALBERTO SANCHEZ Responsable de Automatización |
||